Jesuit Colleges and Universities Quiz Stats

 Plays Quiz Updated Feb 5, 2020

Support Sporcle.
Go Orange.
Score 0/27 Timer 07:00
0 Plays Today
Founded College/University % Correct
1863Boston College
53.4%
1789Georgetown University
51.7%
1843College of the Holy Cross
40.3%
1870Loyola University Chicago
34.3%
1887Gonzaga University
32.8%
1911Loyola Marymount University
32.6%
1831Xavier University
32.1%
1841Fordham University
31.9%
1881Marquette University
31.6%
1852Loyola College in Maryland
26.1%
1851Saint Joseph's University
24.5%
1912Loyola University New Orleans
23.7%
1818Saint Louis University
23.6%
1870Creighton University
20.3%
Founded College/University % Correct
1851Santa Clara University
18.7%
1855University of San Francisco
18.6%
1942Fairfield University
18.5%
1888University of Scranton
14.2%
1891Seattle University
14.1%
1877Regis University
13.3%
1870Canisius College
12.8%
1886John Carroll University
12.2%
1877University of Detroit Mercy
11.5%
1872Saint Peter's College
11.5%
1910Rockhurst University
10.5%
1946Le Moyne College
9.7%
1830Spring Hill College
9.7%

From the Vault

Progression Is the Thing with Words

by gazzso

And Sporcle is the thing with quizzes.
Remove Ads.
Support Sporcle.
Get the best of Sporcle when you Go Orange. This ad-free experience offers more features, more stats, and more fun while also helping to support Sporcle. Thank you for becoming a member.

Show Comments

Extras

Top Quizzes Today


Score Distribution

Your Account Isn't Verified!

In order to create a playlist on Sporcle, you need to verify the email address you used during registration. Go to your Sporcle Settings to finish the process.

Report this User

Report this user for behavior that violates our Community Guidelines.

Details: